[Event "ICS Rated blitz match"]
[Site "204.178.125.65"]
[Date "1999.11.01"]
[Round "?"]
[White "Hossa"]
[Black "E2-Ebeer"]
[Result "1-0"]
[WhiteElo "2397"]
[BlackElo "2154"]
[PlyCount "67"]
[EventDate "1999.??.??"]

1. Nf3 d5 2. d4 Nf6 3. e3 Bg4 4. Bd3 e6 5. O-O c6 6. c4 Bd6 7. Nc3 O-O 8. e4
dxe4 9. Nxe4 Nxe4 10. Bxe4 Nd7 11. Be3 Nf6 12. Bd3 Qa5 13. Be2 Rad8 14. Ng5
Bxe2 15. Qxe2 e5 16. dxe5 Qxe5 17. Nf3 Qh5 18. Rae1 Rfe8 19. h3 h6 20. Rd1 Ne4
21. Qc2 Ng5 22. Bxg5 hxg5 23. Qf5 Bf4 24. Rd7 Rxd7 25. Qxd7 f6 26. Qxb7 f5 27.
Qxc6 g4 28. Qd5+ Kh8 29. hxg4 Qxg4 30. b3 Bb8 31. Qf7 Rd8 32. Re1 Qf4 33. Qh5+
Kg8 34. Ng5 {E2-Ebeer resigns} 1-0

[Event "ICS rated blitz match"]
[Site "204.178.125.65"]
[Date "1999.11.01"]
[Round "?"]
[White "Hossa"]
[Black "Lanky-Viking"]
[Result "1-0"]
[WhiteElo "2399"]
[BlackElo "2134"]
[PlyCount "73"]
[EventDate "1999.??.??"]

1. e4 c5 2. Nf3 e6 3. d4 cxd4 4. Nxd4 Nf6 5. Nc3 Bb4 6. e5 Nd5 7. Qg4 g5 8.
Ndb5 a6 9. Nd6+ Bxd6 10. exd6 Nxc3 11. bxc3 Qa5 12. Qd4 e5 13. Qc4 Nc6 14. Bxg5
b5 15. Qd3 Bb7 16. Bf6 Rg8 17. f4 Rg6 18. fxe5 b4 19. Qh3 h6 20. Bd3 Rxf6 21.
exf6 O-O-O 22. Qe3 bxc3 23. O-O Rg8 24. Rf5 Qb4 25. Rd5 Nd8 26. Qc5+ Qxc5+ 27.
Rxc5+ Kb8 28. g3 h5 29. Rc7 Rg6 30. Bxg6 fxg6 31. Rb1 Ka8 32. Rcxb7 Nxb7 33. f7
Ka7 34. f8=Q a5 35. Qf2+ Ka8 36. Qg2 a4 37. Qxb7# {Lanky-Viking checkmated} 1-0

[Event "ICS rated blitz match"]
[Site "204.178.125.65"]
[Date "1999.11.01"]
[Round "?"]
[White "Hossa"]
[Black "ciotti"]
[Result "1-0"]
[WhiteElo "2405"]
[BlackElo "2161"]
[PlyCount "81"]
[EventDate "1999.??.??"]

1. e4 c5 2. Nf3 Nc6 3. d4 cxd4 4. Nxd4 Nf6 5. Nc3 e5 6. Ndb5 d6 7. Bg5 a6 8.
Na3 b5 9. Nd5 Be7 10. Bxf6 Bxf6 11. c3 Ne7 12. Nxf6+ gxf6 13. Bd3 Bb7 14. Nb1
d5 15. Nd2 f5 16. exf5 e4 17. Be2 Nxf5 18. Nb3 Rg8 19. g3 Qb6 20. Bg4 Nd6 21.
O-O f5 22. Bh5+ Kd7 23. a4 bxa4 24. Rxa4 f4 25. Rb4 Qc7 26. Rxb7 Nxb7 27. Qxd5+
Nd6 28. Nc5+ Ke7 29. Qe6+ Kf8 30. Qf6+ Nf7 31. Ne6+ Ke8 32. Nxc7+ Kd7 33. Qxf7+
Kc6 34. Qc4+ Kb7 35. Nxa8 Kxa8 36. Qxg8+ Kb7 37. Qxh7+ Kb6 38. Rd1 e3 39. Rd6+
Kc5 40. Qc7+ Kb5 41. Be8# {ciotti checkmated} 1-0

[Event "ICS rated blitz match"]
[Site "204.178.125.65"]
[Date "1999.11.01"]
[Round "?"]
[White "ciotti"]
[Black "Hossa"]
[Result "0-1"]
[WhiteElo "2155"]
[BlackElo "2411"]
[PlyCount "58"]
[EventDate "1999.??.??"]

1. d4 f5 2. Nf3 Nf6 3. g3 e6 4. Bg2 Be7 5. O-O d5 6. b3 O-O 7. Bb2 c5 8. e3 Nc6
9. c4 Ne4 10. Nbd2 b6 11. Nxe4 fxe4 12. Ne5 Nxe5 13. dxe5 b5 14. Qc2 bxc4 15.
bxc4 Rb8 16. Rfd1 Qb6 17. Rab1 Qc6 18. Ba3 Rxb1 19. Rxb1 Qc7 20. Rc1 Qxe5 21.
cxd5 exd5 22. Bxc5 Bxc5 23. Qxc5 a6 24. Qc7 Qb2 25. Qc2 Qf6 26. Qc6 Qxf2+ 27.
Kh1 Qxa2 28. Rc2 Qb3 29. Rc3 29... Qd1+ {ciotti resigns} 0-1

[Event "ICS rated blitz match"]
[Site "204.178.125.65"]
[Date "1999.11.01"]
[Round "?"]
[White "Hossa"]
[Black "ciotti"]
[Result "1-0"]
[WhiteElo "2417"]
[BlackElo "2149"]
[PlyCount "99"]
[EventDate "1999.??.??"]

1. e4 c5 2. Nf3 Nc6 3. d4 cxd4 4. Nxd4 Nf6 5. Nc3 e5 6. Ndb5 d6 7. Bg5 a6 8.
Na3 b5 9. Nd5 Be7 10. Bxf6 Bxf6 11. c3 Ne7 12. Nxf6+ gxf6 13. Bd3 Bb7 14. Nb1
d5 15. Nd2 f5 16. exf5 e4 17. Be2 Nxf5 18. Nb3 Rg8 19. g3 e3 20. O-O d4 21. Bf3
exf2+ 22. Rxf2 Nxg3 23. Rg2 dxc3 24. Qxd8+ Rxd8 25. Re1+ Kf8 26. Bxb7 Ne2+ 27.
Rexe2 Rd1+ 28. Kf2 Rxg2+ 29. Kxg2 cxb2 30. Rxb2 Rd6 31. Nc5 a5 32. a3 b4 33.
axb4 axb4 34. Rxb4 Kg7 35. Be4 h6 36. Rb7 Rd2+ 37. Kg3 Kf6 38. Rd7 Rc2 39. Bxc2
Ke5 40. Rxf7 Kd4 41. Kf4 h5 42. Rd7+ Kxc5 43. Ke5 h4 44. Rc7+ Kb6 45. Kd6 h3
46. Rc5 Kb7 47. Rc6 Kb8 48. Rb6+ Kc8 49. Bf5+ Kd8 50. Rb8# {ciotti checkmated}
1-0

[Event "ICS rated blitz match"]
[Site "204.178.125.65"]
[Date "1999.11.01"]
[Round "?"]
[White "Hossa"]
[Black "Varguz"]
[Result "0-1"]
[WhiteElo "2428"]
[BlackElo "2815"]
[PlyCount "97"]
[EventDate "1999.??.??"]

1. e4 g6 2. d4 Bg7 3. Nf3 d6 4. Bc4 Nf6 5. Nc3 c6 6. Bg5 Nxe4 7. Nxe4 d5 8. Bd3
dxe4 9. Bxe4 f5 10. Bd3 Bxd4 11. Nxd4 Qxd4 12. Qe2 Qg7 13. O-O-O Nd7 14. Bc4 h6
15. Bf4 Nf6 16. Bc7 Bd7 17. Rhe1 b5 18. Bd3 e6 19. Qe5 O-O 20. Qg3 a5 21. Bd6
Rfd8 22. Be5 a4 23. Qh4 Kf7 24. Kb1 a3 25. b4 g5 26. Qd4 Be8 27. Qc3 Rd5 28.
Kc1 h5 29. Kb1 Ra4 30. Ka1 Qh6 31. Bd4 Rd8 32. h4 g4 33. Rb1 Nd5 34. Qc5 Nf4
35. Qb6 Nxd3 36. cxd3 Rd5 37. Bc3 Qf4 38. Rbd1 g3 39. Re3 gxf2 40. Rf3 Qxh4 41.
Qc7+ Bd7 42. Rf1 Rxb4 43. Rh3 Qg5 44. Rf3 Rg4 45. g3 b4 46. Be5 Qd2 47. R3xf2
Qxd3 48. Bf4 h4 49. gxh4 {Hossa resigns} 0-1

[Event "ICS rated blitz match"]
[Site "204.178.125.65"]
[Date "1999.11.01"]
[Round "?"]
[White "Varguz"]
[Black "Hossa"]
[Result "1-0"]
[WhiteElo "2818"]
[BlackElo "2425"]
[PlyCount "93"]
[EventDate "1999.??.??"]

1. d4 f5 2. g3 Nf6 3. c4 e6 4. Bg2 d5 5. Nf3 dxc4 6. O-O Nc6 7. Bg5 h6 8. Bxf6
gxf6 9. e3 Bg7 10. Nfd2 O-O 11. Nxc4 e5 12. Nc3 exd4 13. Bd5+ Kh8 14. exd4 Nxd4
15. Qxd4 c6 16. Rfd1 Re8 17. Qf4 cxd5 18. Nd6 Re7 19. Nxd5 Rd7 20. Ne3 Qf8 21.
Nexf5 Kg8 22. Re1 Rxd6 23. Nxd6 Bh3 24. Rac1 Rd8 25. Nxb7 Rd7 26. Qh4 Rxb7 27.
Qxh3 f5 28. b3 Rf7 29. Re6 f4 30. Rec6 Qe7 31. Rc8+ Kh7 32. Qf1 Bf8 33. Qd3+
Kh8 34. R1c6 Qe1+ 35. Kg2 Qe7 36. Rxh6+ Kg8 37. Qg6+ Rg7 38. Qh5 Qb7+ 39. Kg1
Rxg3+ 40. hxg3 Qxc8 41. Rh8+ Kg7 42. Qh6+ Kf7 43. Rh7+ Ke8 44. Qh5+ Kd8 45.
Qd5+ Bd6 46. Qg8+ Bf8 47. Qxf8# {Hossa checkmated} 1-0

[Event "ICS rated blitz match"]
[Site "204.178.125.65"]
[Date "1999.11.01"]
[Round "?"]
[White "Hossa"]
[Black "Varguz"]
[Result "0-1"]
[WhiteElo "2422"]
[BlackElo "2821"]
[PlyCount "135"]
[EventDate "1999.??.??"]

1. d4 d5 2. Bf4 Nf6 3. e3 e6 4. c4 Bb4+ 5. Nc3 O-O 6. a3 Bxc3+ 7. bxc3 c5 8.
Bd3 Nc6 9. Ne2 cxd4 10. exd4 dxc4 11. Bxc4 e5 12. dxe5 Ng4 13. Bd5 Ngxe5 14.
O-O Be6 15. Bxe6 fxe6 16. Bxe5 Nxe5 17. Nd4 Qd5 18. Re1 Rf6 19. Rb1 Rg6 20. f3
a6 21. Qe2 Nc4 22. Rb4 Nd6 23. Rb6 Qc5 24. Rb3 Nc4 25. f4 Na5 26. Rbb1 Qxa3 27.
Nxe6 Qxc3 28. f5 Rf6 29. Rbc1 Qb4 30. Rc7 Rxf5 31. Rxg7+ Kh8 32. Qd1 Qb2 33.
Re2 Qb6+ 34. Kh1 Raf8 35. Nxf8 Kxg7 36. Ne6+ Kg6 37. Qd3 Qd6 38. Nd4 Qxd4 39.
Qxd4 Rf1+ 40. Qg1 Rxg1+ 41. Kxg1 Kf6 42. Rd2 Ke6 43. Rd3 Nc6 44. Rh3 b5 45.
Rxh7 a5 46. g4 a4 47. h4 b4 48. Rc7 Kd6 49. Rf7 a3 50. Rf6+ Kd5 51. Rf1 Ne5 52.
g5 a2 53. h5 Nf3+ 54. Kg2 Nxg5 55. Rd1+ Ke4 56. h6 b3 57. Re1+ Kf5 58. Rf1+ Kg6
59. Rg1 b2 60. h7 Nxh7 61. Kh2+ Ng5 62. Rd1 b1=Q 63. Rd6+ Kh5 64. Ra6 a1=Q 65.
Rxa1 Qxa1 66. Kg3 Qe1+ 67. Kh2 Ne4 68. Kg2 {Hossa resigns} 0-1

[Event "ICS rated blitz match"]
[Site "204.178.125.65"]
[Date "1999.11.01"]
[Round "?"]
[White "NonWimp"]
[Black "Hossa"]
[Result "1-0"]
[WhiteElo "2725"]
[BlackElo "2419"]
[PlyCount "74"]
[EventDate "1999.??.??"]

1. e4 e5 2. Nc3 Nc6 3. f4 exf4 4. Nf3 d6 5. d4 g5 6. d5 Ne5 7. Bb5+ Bd7 8.
Bxd7+ Kxd7 9. h4 Kc8 10. hxg5 Ng6 11. Qd4 f6 12. Nh4 Nxh4 13. Rxh4 Bg7 14. Bxf4
Qd7 15. Qd2 fxg5 16. Bxg5 h6 17. Be3 Qd8 18. Qf2 a6 19. O-O-O b5 20. Rf4 Ne7
21. Rf7 Rf8 22. Rh1 Ng8 23. Kb1 Kb7 24. Rf5 Rxf5 25. exf5 Bxc3 26. bxc3 Nf6 27.
Qf3 Qg8 28. Rxh6 Nxd5 29. Bd4 Re8 30. Rg6 Re1+ 31. Kb2 Qe8 32. Qxd5+ Qc6 33.
Qxc6+ Kxc6 34. f6 Rf1 35. Rg7 a5 36. Re7 d5 37. g4 37... b4 {Hossa resigns} 1-0

[Event "ICS rated blitz match"]
[Site "204.178.125.65"]
[Date "1999.11.01"]
[Round "?"]
[White "ciotti"]
[Black "Hossa"]
[Result "0-1"]
[WhiteElo "2129"]
[BlackElo "2414"]
[PlyCount "58"]
[EventDate "1999.??.??"]

1. d4 d5 2. Nf3 c6 3. g3 Nf6 4. Bg2 Bf5 5. O-O e6 6. Nh4 Bg6 7. Nxg6 hxg6 8. c3
c5 9. Bg5 Nc6 10. e4 dxe4 11. Bxe4 cxd4 12. Bxc6+ bxc6 13. Qf3 Rc8 14. Rd1 c5
15. Qb7 Rc7 16. Qb5+ Qd7 17. Qb8+ Rc8 18. Qe5 Nh7 19. cxd4 f6 20. Qe4 Nxg5 21.
Qxg6+ Kd8 22. Nc3 cxd4 23. Ne4 Rh6 24. Nxf6 gxf6 25. Qg8 Nf3+ 26. Kg2 Rxh2+ 27.
Kxf3 Qd5+ 28. Ke2 Qe4+ 29. Kf1 29... Rh1# {ciotti checkmated} 0-1

[Event "ICS rated blitz match"]
[Site "204.178.125.65"]
[Date "1999.11.01"]
[Round "?"]
[White "Hossa"]
[Black "NonWimp"]
[Result "0-1"]
[WhiteElo "2419"]
[BlackElo "2730"]
[PlyCount "79"]
[EventDate "1999.??.??"]

1. e4 d5 2. Nc3 d4 3. Nce2 c5 4. Nf3 Nc6 5. Ng3 e5 6. Bb5 Bd6 7. O-O Nge7 8. c4
dxc3 9. bxc3 O-O 10. Bb2 Qb6 11. a4 a6 12. Bxc6 Nxc6 13. Rb1 Rd8 14. d4 exd4
15. cxd4 Bxg3 16. hxg3 cxd4 17. Ba1 Qc7 18. Qc2 Qe7 19. Rb6 Bg4 20. Nh2 Bh5 21.
f3 d3 22. Qf2 Na5 23. g4 Bg6 24. Rd1 Rac8 25. Qb2 Qc5+ 26. Kh1 Qf8 27. Qa2 Nc4
28. Rxb7 Ne3 29. Qb3 Nxd1 30. Qxd1 d2 31. Rb1 Qb4 32. Bb2 Qxb2 33. Rxb2 Rc1 34.
Rxd2 Rxd1+ 35. Rxd1 Rxd1+ 36. Nf1 Rxf1+ 37. Kh2 a5 38. Kg3 Kf8 39. Kf4 Ra1 40.
Ke5 {Hossa resigns} 0-1

[Event "ICS rated blitz match"]
[Site "204.178.125.65"]
[Date "1999.11.01"]
[Round "?"]
[White "Hossa"]
[Black "PackMaster"]
[Result "0-1"]
[WhiteElo "2416"]
[BlackElo "2541"]
[PlyCount "161"]
[EventDate "1999.??.??"]

1. e4 e5 2. Nc3 Nf6 3. Bc4 Nxe4 4. Qh5 Nd6 5. Qxe5+ Qe7 6. Qxe7+ Bxe7 7. Be2
O-O 8. Nf3 Nc6 9. O-O Nb4 10. Bd1 Re8 11. a3 Nc6 12. d4 Bd8 13. Nd5 Nf5 14. Bg5
f6 15. Bf4 d6 16. c3 Be6 17. Bb3 Na5 18. Ba2 c6 19. Rfe1 Kf7 20. Rxe6 Rxe6 21.
Ne3 Nxe3 22. Bxe6+ Kxe6 23. Bxe3 Nc4 24. b3 Nxe3 25. Re1 Ba5 26. Rxe3+ Kd7 27.
c4 d5 28. Kf1 dxc4 29. bxc4 Re8 30. Rxe8 Kxe8 31. Ke2 Ke7 32. Kd3 g6 33. Kc2
Bc7 34. a4 b6 35. Kd3 Kd7 36. h4 a6 37. g4 b5 38. axb5 cxb5 39. h5 bxc4+ 40.
Kxc4 gxh5 41. gxh5 Ba5 42. Kd5 Bb4 43. Nh2 a5 44. Kc4 Ke6 45. Ng4 Kf5 46. Ne3+
Kg5 47. Nd5 Be1 48. f4+ Kxh5 49. Nxf6+ Kg6 50. Nd5 Kf5 51. Ne7+ Kxf4 52. Nc6 h5
53. d5 Kf5 54. Nd4+ Kf6 55. Nf3 Bb4 56. Kb5 Ke7 57. Kc4 Kd6 58. Nd4 Kc7 59. Nf5
Kb6 60. Nh4 Bc5 61. Nf3 Be7 62. Ne5 h4 63. Nd7+ Ka6 64. Ne5 h3 65. Ng4 Bh4 66.
d6 Kb6 67. Kd5 Bg3 68. d7 Kc7 69. Kc5 Kxd7 70. Kb5 Ke6 71. Ka4 Kd5 72. Kxa5 Ke4
73. Kb5 Kf3 74. Nf6 h2 75. Ka6 h1=Q 76. Nd7 Ke2 77. Kb6 Qb1+ 78. Kc6 Qe4+ 79.
Kc5 Qe7+ 80. Kc6 Qd6+ 81. Kb5 {Hossa resigns} 0-1

[Event "ICS rated blitz match"]
[Site "204.178.125.65"]
[Date "1999.11.01"]
[Round "?"]
[White "drunknstupid"]
[Black "Hossa"]
[Result "0-1"]
[WhiteElo "2243"]
[BlackElo "2406"]
[PlyCount "126"]
[EventDate "1999.??.??"]

1. e4 e5 2. Nc3 Nf6 3. f4 exf4 4. Nf3 Qe7 5. d3 Qb4 6. Be2 Ng4 7. O-O Ne3 8.
Bxe3 fxe3 9. Nd5 Qa5 10. Nxe3 Qb6 11. d4 Qxb2 12. Nd5 Bd6 13. e5 Qa3 14. exd6
Qxd6 15. c4 c6 16. Ne3 c5 17. d5 O-O 18. Nf5 Qf6 19. Bd3 d6 20. Ng3 Re8 21. Qc2
Qh6 22. Rae1 Bd7 23. Rxe8+ Bxe8 24. Re1 Nd7 25. Qd2 Qxd2 26. Nxd2 Ne5 27. Bf1
f6 28. h3 Bd7 29. Nde4 Nf7 30. Nf5 Bxf5 31. Nc3 Kf8 32. Kf2 Re8 33. Rxe8+ Kxe8
34. Be2 Kd7 35. g4 Bc2 36. Ke3 f5 37. gxf5 Bxf5 38. h4 Ne5 39. Kf4 Bd3 40. Bxd3
Nxd3+ 41. Ke3 Ne5 42. Ne4 Nxc4+ 43. Kf4 Nb6 44. Ng5 Nxd5+ 45. Kf3 Nf6 46. Nh3
d5 47. Nf4 Kd6 48. Ke3 b5 49. a3 d4+ 50. Kd3 Ke5 51. Ng2 Ne4 52. Ne1 c4+ 53.
Ke2 Kf4 54. Ng2+ Kg4 55. Ne1 d3+ 56. Kd1 Kxh4 57. Nf3+ Kg4 58. Nd2 Nf2+ 59. Ke1
c3 60. Nb3 Kg3 61. Kf1 d2 62. Ke2 d1=Q+ 63. Ke3 63... Qd3# {
drunknstupid checkmated} 0-1

[Event "ICS rated blitz match"]
[Site "204.178.125.65"]
[Date "1999.11.01"]
[Round "?"]
[White "PostModernist"]
[Black "Hossa"]
[Result "1-0"]
[WhiteElo "2621"]
[BlackElo "2415"]
[PlyCount "96"]
[EventDate "1999.??.??"]

1. d4 d5 2. c4 e6 3. Nf3 c6 4. Nc3 Nf6 5. e3 c5 6. Bd3 Be7 7. Be2 Nc6 8. O-O
O-O 9. b3 cxd4 10. Nxd4 e5 11. Nxc6 bxc6 12. cxd5 cxd5 13. Qc2 Bb7 14. Rd1 Rc8
15. Bb2 Ne4 16. Bd3 Nxc3 17. Bxc3 Bb4 18. Bxh7+ Kh8 19. Bxb4 Rxc2 20. Bxc2 Re8
21. Bc5 a6 22. Be4 Qa8 23. Bf3 Rc8 24. Rac1 Bc6 25. Bg4 Rd8 26. Rd2 Kg8 27.
Rdc2 Bb7 28. f3 g6 29. Be7 Re8 30. Bf6 Qa7 31. Rc5 e4 32. Bd4 Qb8 33. Rc7 exf3
34. gxf3 Qa8 35. h4 Qb8 36. h5 gxh5 37. Bxh5 Rf8 38. Kf2 f6 39. Rg1+ Kh8 40.
Bf7 Rxf7 41. Rxf7 Qh2+ 42. Rg2 Qxg2+ 43. Kxg2 Bc6 44. Rxf6 Bb5 45. Rxa6+ Kh7
46. Rd6 Be8 47. a4 Kg8 48. a5 48... Kf7 {Hossa resigns} 1-0

[Event "ICS rated blitz match"]
[Site "204.178.125.65"]
[Date "1999.11.01"]
[Round "?"]
[White "Hossa"]
[Black "J-Ehlvest"]
[Result "0-1"]
[WhiteElo "2408"]
[BlackElo "2215"]
[PlyCount "116"]
[EventDate "1999.??.??"]

1. e4 c5 2. Nf3 d6 3. d4 cxd4 4. Nxd4 a6 5. Be2 Nf6 6. Nc3 g6 7. Bg5 Bg7 8. f4
Nbd7 9. O-O O-O 10. f5 Qc7 11. fxg6 hxg6 12. Rb1 b5 13. Nb3 Bb7 14. Nd5 Nxd5
15. exd5 Nb6 16. Bf3 Nc4 17. c3 Qb6+ 18. Rf2 Rae8 19. Nd2 Ne5 20. Qe2 Nxf3+ 21.
Qxf3 f5 22. Qg3 Qc5 23. Be3 Qxd5 24. Qxg6 Qf7 25. Qg5 e5 26. Nb3 f4 27. Re1 Re6
28. Bd2 Rg6 29. Qh4 Qf5 30. Qe7 Rf7 31. Qd8+ Kh7 32. Na5 Bd5 33. a4 Qh3 34.
Ree2 f3 35. Qxd6 Rxd6 36. gxh3 fxe2 37. Rxf7 Bxf7 38. Be1 Bh6 39. axb5 axb5 40.
Kf2 Bh5 41. c4 Rf6+ 42. Kg3 Rf1 43. Bb4 Rf3+ 44. Kg2 bxc4 45. Nxc4 Rf1 46. Nxe5
e1=Q 47. Bxe1 Rxe1 48. Nd7 Kg6 49. h4 Bf4 50. h3 Re2+ 51. Kf1 Bf3 52. Nc5 Rd2
53. Na4 Be3 54. Nc3 Rc2 55. Ne2 Rxb2 56. Nc3 Rh2 57. Ne2 Rh1+ 58. Ng1 58...
Rxg1# {Hossa checkmated} 0-1

[Event "ICS rated blitz match"]
[Site "204.178.125.65"]
[Date "1999.11.01"]
[Round "?"]
[White "NonWimp"]
[Black "Hossa"]
[Result "0-1"]
[WhiteElo "2712"]
[BlackElo "2402"]
[PlyCount "162"]
[EventDate "1999.??.??"]

1. f4 d5 2. Nf3 Nf6 3. g3 Bf5 4. Nc3 Nc6 5. e3 e6 6. Bb5 a6 7. Bxc6+ bxc6 8.
Ne5 c5 9. g4 Bg6 10. Nxg6 hxg6 11. g5 Nh5 12. Qf3 c4 13. d3 cxd3 14. cxd3 Bb4
15. Bd2 c5 16. a3 Bxc3 17. Bxc3 Rb8 18. Rc1 O-O 19. Qf2 Rb3 20. O-O Re8 21. Qc2
Qb8 22. a4 d4 23. exd4 cxd4 24. Ba5 Rxb2 25. Qc7 Ra2 26. Bb6 Qxc7 27. Rxc7 Rxa4
28. Rd7 Rc8 29. Bc7 Ra3 30. Rd1 Ra2 31. Rc1 e5 32. fxe5 Nf4 33. Rf1 Nh3+ 34.
Kh1 Rf2 35. Rxf2 Nxf2+ 36. Kg2 Nxd3 37. Rxd4 Ne1+ 38. Kf2 Rxc7 39. Kxe1 Re7 40.
Re4 Re6 41. Kd2 Re8 42. Ke3 Kf8 43. Kf4 a5 44. Ra4 Ra8 45. Ke4 Ke7 46. Kd5 Ra7
47. Kc6 Ke6 48. Kb6 Ra8 49. Kb7 Rh8 50. h4 Kxe5 51. Rxa5+ Kf4 52. Ra1 Rxh4 53.
Rf1+ Kxg5 54. Rxf7 Rf4 55. Rxg7 Kh5 56. Kc6 g5 57. Kd5 Kh4 58. Ke5 Rb4 59. Rh7+
Kg3 60. Kf5 g4 61. Kg5 Rb5+ 62. Kg6 Kf2 63. Rf7+ Kg1 64. Kf6 g3 65. Rf8 g2 66.
Ke6 Rh5 67. Rg8 Kh1 68. Kf7 Rh6 69. Rg5 g1=Q 70. Rxg1+ Kxg1 71. Kg7 Re6 72. Kf7
Re4 73. Kf6 Kg2 74. Kg6 Rf4 75. Kh6 Rg4 76. Kh7 Kh3 77. Kh8 Kh4 78. Kh7 Kh5 79.
Kh8 Kg6 80. Kg8 Rf4 81. Kh8 81... Rf8# {NonWimp checkmated} 0-1

[Event "ICS rated blitz match"]
[Site "204.178.125.65"]
[Date "1999.11.01"]
[Round "?"]
[White "Hossa"]
[Black "NonWimp"]
[Result "0-1"]
[WhiteElo "2429"]
[BlackElo "2685"]
[PlyCount "109"]
[EventDate "1999.??.??"]

1. d4 Nf6 2. c4 e6 3. Nc3 Bb4 4. Qc2 O-O 5. a3 Bxc3+ 6. Qxc3 b6 7. Nf3 Bb7 8.
e3 d6 9. Be2 Nbd7 10. O-O Ne4 11. Qd3 f5 12. b4 a5 13. Bb2 f4 14. d5 exd5 15.
cxd5 Qe7 16. Nd2 Nef6 17. e4 Rfe8 18. Qc3 Bxd5 19. Bf3 Be6 20. Qxc7 Rac8 21.
Bxf6 Rxc7 22. Bxe7 Rxe7 23. Rfc1 Ne5 24. bxa5 bxa5 25. Rab1 Rxc1+ 26. Rxc1 Rb7
27. Bd1 Kf7 28. Rc3 Rb2 29. Rc2 Rxc2 30. Bxc2 Kf6 31. a4 Nc4 32. Nxc4 Bxc4 33.
h4 Ke5 34. Kh2 Kd4 35. h5 Kc3 36. Bd1 Bb3 37. Bxb3 Kxb3 38. Kh3 Kxa4 39. g3
fxg3 40. f4 h6 41. e5 dxe5 42. fxe5 Kb5 43. Kxg3 a4 44. Kf4 a3 45. e6 Kc6 46.
e7 Kd7 47. e8=R Kxe8 48. Ke5 a2 49. Ke6 a1=Q 50. Kd5 Qd1+ 51. Ke4 Qxh5 52. Ke3
Qh3+ 53. Kd4 Qg4+ 54. Kd3 Qf5+ 55. Ke2 {Hossa resigns} 0-1

[Event "ICS rated blitz match"]
[Site "204.178.125.65"]
[Date "1999.11.01"]
[Round "?"]
[White "Hossa"]
[Black "PostModernist"]
[Result "0-1"]
[WhiteElo "2423"]
[BlackElo "2619"]
[PlyCount "159"]
[EventDate "1999.??.??"]

1. d4 Nf6 2. c4 e6 3. Nf3 b6 4. a3 Bb7 5. Bg5 h6 6. Bxf6 Qxf6 7. Nc3 d6 8. e4
8... Qg6 {letzter Buchzug} 9. d5 Nd7 10. Nd4 Be7 11. g3 ({-0.09 Hiarcs 7.32:} 
11. Qa4 11... Bf6 12. Rd1 Bxd4 13. Rxd4 e5 14. Rd3 {0.29/6}) 11... O-O 12. Bg2
({-0.35 Hiarcs 7.32:} 12. Bd3 12... Nc5 13. b4 Bf6 14. Bc2 14... e5 {-0.09/6})
12... Ne5 13. b3 c5 14. Nc2 ({-1.15 Hiarcs 7.32:} 14. dxc6 14... Nxc6 15. Ndb5
Rad8 16. f4 a6 17. Nd4 {-0.45/7}) 14... Bf6 15. Ne2 ({-0.48 Hiarcs 7.32:} 15.
Qe2 15... Ng4 16. Qf3 exd5 17. cxd5 17... Ba6 {-1.15/7}) 15... Nd7 16. Rb1 exd5
17. cxd5 Rfe8 18. f3 a5 19. O-O Qh7 20. Ne3 Bd8 21. Nf5 Bc7 22. Nc3 Ba6 23. Re1
g6 24. Ne3 Qg7 25. Rc1 Rad8 26. Qc2 Ne5 27. Rcd1 Ra8 28. Rd2 b5 29. f4 Nd7 30.
e5 ({-0.22 Hiarcs 7.32:} 30. Bf1 30... Reb8 31. Rdd1 31... a4 {0.24/7}) 30...
b4 31. axb4 ({-0.47 Hiarcs 7.32:} 31. Ne4 31... dxe5 32. d6 Bb6 33. Nd5 c4+ 34.
Nxb6 Nxb6 35. d7 {-0.22/6}) 31... axb4 32. Ne2 Bb6 33. Nc4 Bxc4 34. Qxc4 dxe5
35. d6 Ra7 36. Nc1 Rf8 37. Kh1 ({-0.69 Hiarcs 7.32:} 37. Rf2 37... exf4 38.
Rxf4 g5 39. Rf2 Qg6 40. Bd5 {-0.38/6}) 37... exf4 38. Qxf4 Bd8 39. Ra2 Bg5 40.
Qf3 ({-1.40 Hiarcs 7.32:} 40. Qg4 40... Rxa2 41. Nxa2 Rd8 42. Qe2 Bf6 43. Bb7
43... Bd4 {-0.80/7}) 40... Rxa2 41. Nxa2 Qb2 42. h4 Qxa2 43. hxg5 Qd2 44. Qe3
Qxe3 45. Rxe3 hxg5 46. Re7 Nf6 47. Re5 ({-1.86 Hiarcs 7.32:} 47. Bf1 47... Rd8
48. Bc4 Rxd6 49. Rxf7 Kh8 50. Kg2 g4 51. Rc7 51... Ne4 {-1.01/9}) 47... Rd8 48.
Rxg5 ({-2.73 Hiarcs 7.32:} 48. Rxc5 48... Rxd6 49. Rc4 Rd3 50. Rxb4 Rxg3 51.
Rb8+ Kg7 52. Kh2 {-1.86/8}) 48... Rxd6 49. Rxc5 Rd3 50. Rc4 Rxb3 51. Kh2 Rb2
52. Kh3 b3 53. Rc8+ Kg7 54. Rb8 Rb1 55. g4 b2 56. Rb7 Nh7 57. Kh4 g5+ 58. Kg3
Nf6 59. Rb5 Kf8 60. Rb8+ Ke7 61. Rb7+ Kd6 62. Rb6+ Kc5 63. Rb7 Kd4 64. Rb5 Kc3
65. Rc5+ Kb4 66. Rc2 Kb3 67. Rc6 Nxg4 68. Rb6+ Kc3 69. Kxg4 Rg1 70. Rb7 ({
-16.62 Hiarcs 7.32:} 70. Kg3 70... f5 71. Rc6+ Kd3 72. Rd6+ Kc4 73. Rc6+ Kb5
74. Rc7 b1=Q 75. Rb7+ Kc4 76. Rxb1 76... Rxb1 {-5.99/7}) 70... Rxg2+ 71. Kf3
Rg1 72. Rc7+ Kd4 73. Rd7+ Ke5 74. Ra7 ({-29.84 Hiarcs 7.32:} 74. Re7+ 74... Kf6
75. Re8 b1=Q 76. Ke3 {-15.12/7}) 74... b1=Q 75. Re7+ Kd6 76. Rd7+ Kxd7 77. Ke3
Qb3+ 78. Kf2 Qg3+ 79. Ke2 Rg2+ 80. Kd1 {Hossa resigns} 0-1

[Event "ICS rated blitz match"]
[Site "204.178.125.65"]
[Date "1999.11.01"]
[Round "?"]
[White "PostModernist"]
[Black "Hossa"]
[Result "1/2-1/2"]
[WhiteElo "2627"]
[BlackElo "2415"]
[PlyCount "223"]
[EventDate "1999.??.??"]

1. d4 Nf6 2. c4 e6 3. Nc3 Bb4 4. Nf3 Bxc3+ 5. bxc3 O-O 6. a3 c5 7. Qc2 d5 8. e3
b6 9. Bb2 Ba6 10. cxd5 Bxf1 11. Kxf1 exd5 12. dxc5 bxc5 13. c4 dxc4 14. Rd1 Qb6
15. Nd2 c3 16. Bxc3 Nbd7 17. Nc4 Qa6 18. Bxf6 Nxf6 19. Kg1 Rfd8 20. Rxd8+ Rxd8
21. f3 Nd5 22. Kf2 Qh6 23. Rd1 Qh4+ 24. Kg1 Nb6 25. g3 Qg5 26. f4 Rxd1+ 27.
Qxd1 Qe7 28. Ne5 c4 29. Qd4 Qxa3 30. Qd8+ Qf8 31. Qc7 c3 32. Qxc3 Qe7 33. Nc6
Qe4 34. Kf2 Qh1 35. h3 Qh2+ 36. Kf3 Qxh3 37. Qd3 Qh1+ 38. Kf2 Qh2+ 39. Kf3 Qh5+
40. Kf2 g6 41. Qd8+ Kg7 42. Qd4+ Kh6 43. Nxa7 Qh2+ 44. Kf3 Qh1+ 45. Kf2 Qh2+
46. Kf1 Qh3+ 47. Kf2 Qe6 48. Kf3 f5 49. Qd3 Nd7 50. Qc2 Nf6 51. Qc6 Qe7 52. Nb5
Ne4 53. Nd4 Kg7 54. g4 fxg4+ 55. Kxg4 Kf7 56. Qd5+ Kf6 57. Kf3 Nd2+ 58. Ke2 Ne4
59. Qc6+ Kg7 60. Ne6+ Kf7 61. Qxe4 Qxe6 62. Qb7+ Qe7 63. Qxe7+ Kxe7 64. e4 Kf6
65. Ke3 g5 66. fxg5+ Kxg5 67. Kd4 h5 68. e5 h4 69. Kc5 Kg4 70. e6 h3 71. e7 h2
72. e8=Q h1=Q 73. Qg6+ Kf4 74. Qf6+ Ke3 75. Qd4+ Ke2 76. Qb2+ Ke3 77. Qc3+ Kf4
78. Qd2+ Ke5 79. Qg5+ Ke6 80. Qg6+ Kd7 81. Qf7+ Kc8 82. Qf8+ Kb7 83. Qe7+ Ka6
84. Qd6+ Ka7 85. Qb6+ Ka8 86. Qd8+ Kb7 87. Qd7+ Kb8 88. Qe8+ Ka7 89. Qa4+ Kb7
90. Qb5+ Kc7 91. Qb6+ Kd7 92. Qd6+ Ke8 93. Qe6+ Kd8 94. Qd6+ Ke8 95. Qe5+ Kf7
96. Qc7+ Kf6 97. Qd6+ Kg5 98. Qe5+ Kg6 99. Qe6+ Kg5 100. Qg8+ Kf4 101. Qf7+ Ke5
102. Qe7+ Kf4 103. Qc7+ Ke3 104. Qb6 Qe4 105. Qh6+ Qf4 106. Qe6+ Kf2 107. Kd5
Qf3+ 108. Kd6 Qf8+ 109. Ke5 Qf3 110. Qg6 Qe3+ 111. Qe4 Qxe4+ 112. Kxe4 {
Game drawn because neither player has mating material} 1/2-1/2